Nghệ thuật trồng người

Uloženo v:
Podrobná bibliografie
Hlavní autor: Hoàng Xuân Việt
Médium: Kniha
Jazyk:Undetermined
Vydáno: Đồng Tháp Nxb. Đồng Tháp 1996
Témata:
Tagy: Přidat tag
Žádné tagy, Buďte první, kdo otaguje tento záznam!
Thư viện lưu trữ: Trung tâm Học liệu Trường Đại học Cần Thơ
LEADER 00490nam a2200169Ia 4500
001 CTU_5233
008 210402s9999 xx 000 0 und d
082 |a 158 
082 |b V308n 
100 |a Hoàng Xuân Việt 
245 0 |a Nghệ thuật trồng người 
245 0 |c Hoàng Xuân Việt 
260 |a Đồng Tháp 
260 |b Nxb. Đồng Tháp 
260 |c 1996 
650 |a psychology, applied 
980 |a Trung tâm Học liệu Trường Đại học Cần Thơ